000
00254nam a2200097Ia 4500
008
240331s9999 xx 000 0 und d
082
_a
303.6
_b
SCI
100
_a
Nandy, A. ed
245
0
_a
Science, hegemony and violence :
_b
a requiem for modernity
942
_c
L
999
_c
1289
_d
1289